[Event "XI Miguel Najdorf Open A 2013"]
[Site "Warsaw POL"]
[Date "2013.08.09"]
[Round "5.3"]
[White "Warakomski,T"]
[Black "Krzyzanowski,M"]
[Result "1-0"]
[WhiteElo "2503"]
[BlackElo "2325"]

1.e4 c5 2.Nf3 d6 3.Bb5+ Bd7 4.Bxd7+ Qxd7 5.c4 Nf6 6.Nc3 g6 7.d4 cxd4 8.Nxd4 Bg7
9.f3 O-O 10.Be3 Rc8 11.b3 e6 12.Qd2 Nc6 13.Nde2 d5 14.Rd1 Qe8 15.cxd5 exd5
16.exd5 Nb4 17.Bd4 a5 18.a3 Nbxd5 19.Nxd5 Nxd5 20.Bxg7 Ne3 21.Bh6 Nxd1 22.Qxd1 Qe5
23.Kf2 Rd8 24.Qa1 Qxa1 25.Rxa1 Rd3 26.Nc1 Rd1 27.Ra2 Rc8 28.Ne2 Rd3 29.Bd2 b6
30.b4 a4 31.Nf4 Rd6 32.b5 Rc4 33.Bb4 Rd1 34.Ne2 Rd3 35.Rd2 Rb3 36.Rd6 Rc2
37.Rc6 Rbb2 38.Rxc2 Rxc2 39.Kf1 Rc8 40.Nc3 Ra8 41.Nd5 Rb8 42.Nf6+ Kg7 43.Bc3 Rb7
44.Bd4 Kf8 45.Nxh7+ Ke7 46.Nf6 Ke6 47.Ke2 Rb8 48.Ne4 Kd5 49.Kd3  1-0

[Event "17th Godesberg Open"]
[Site "Bonn GER"]
[Date "2013.08.10"]
[Round "8.8"]
[White "Spreemann,R"]
[Black "Krebs,D"]
[Result "0-1"]
[WhiteElo "2011"]
[BlackElo "2080"]

1.e4 c5 2.Nf3 d6 3.Bb5+ Bd7 4.Bxd7+ Qxd7 5.O-O Nf6 6.Re1 Nc6 7.c3 e6 8.d4 cxd4
9.cxd4 d5 10.e5 Ne4 11.Nbd2 Nxd2 12.Bxd2 Be7 13.Rc1 O-O 14.Rc3 f6 15.exf6 Bxf6
16.Bg5 Rae8 17.Bxf6 Rxf6 18.Rce3 h6 19.Qd2 Qf7 20.b4 a6 21.a4 b5 22.axb5 axb5
23.Qc3 Qb7 24.Rc1 Rc8 25.Qe1 Ne7 26.Rxc8+ Qxc8 27.Rc3 Qa6 28.Rc7 Ng6 29.h3 Rf7
30.Rc5 Rf8 31.Qf1 Rb8 32.g3 Qa3 33.Qe2 Nf8 34.Kg2 Qxb4 35.Qe5 Rb7 36.Qh5 Rf7
37.Qg4 Qb2 38.Rc8 Qe2 39.Rc3 b4 40.Re3 Qc2 41.Rxe6 Nxe6 42.Qxe6 Qf5 43.Qe8+ Rf8
44.Qe3  0-1

[Event "22nd ZMDI Open 2013"]
[Site "Dresden GER"]
[Date "2013.08.10"]
[Round "1.29"]
[White "Schnoor,E"]
[Black "Efroimski,M"]
[Result "1-0"]
[WhiteElo "2059"]
[BlackElo "2306"]

1.e4 c5 2.Nf3 d6 3.Bb5+ Bd7 4.Bxd7+ Qxd7 5.O-O Nc6 6.c4 Nf6 7.Nc3 g6 8.d4 cxd4
9.Nxd4 Bg7 10.Nde2 Rc8 11.f3 O-O 12.Be3 e6 13.Qd2 Rfe8 14.Rfd1 Rcd8 15.Bg5 a6
16.Rac1 Qc7 17.Nd5 exd5 18.cxd5 h6 19.Be3 Qd7 20.dxc6 bxc6 21.Bxh6 Bxh6 22.Qxh6 Re5
23.Qf4 Ne8 24.Qxe5 dxe5 25.Rxd7 Rxd7 26.Rxc6 Rd2 27.Nc3 Ng7 28.Rxa6 Rxb2
29.Ra8+ Kh7 30.Ra7 Kg8 31.Ra8+ Kh7 32.a4 Ne6 33.Nd5 Nc5 34.a5 Ra2 35.h4 Kg7
36.Kh2 Ra1 37.Kg3 Ra2 38.Nb4 Ra3 39.Kg4 Ra4 40.Nc6 f5+ 41.Kh3 Kf6 42.h5 fxe4
43.h6 Ne6 44.fxe4 Rc4 45.Nd8 Ng5+ 46.Kh2 Rxe4 47.a6 Ra4 48.a7 e4 49.Nc6 e3
50.Rf8+ Nf7 51.h7 Rh4+ 52.Kg1 e2 53.Kf2  1-0

[Event "3rd Riga Tech Uni Op"]
[Site "Riga LAT"]
[Date "2013.08.10"]
[Round "8.1"]
[White "Van Kampen,R"]
[Black "Antipov,M2"]
[Result "1/2-1/2"]
[WhiteElo "2606"]
[BlackElo "2488"]

1.e4 c5 2.Nf3 d6 3.Bb5+ Bd7 4.Bxd7+ Qxd7 5.c4 Nf6 6.Nc3 Nc6 7.d4 cxd4 8.Nxd4 e6
9.O-O Be7 10.b3 O-O 11.Bb2 Rfd8 12.Re1 Qc7 13.Rc1 Qa5 14.Rc2 a6 15.Nxc6 bxc6
16.Rd2 Qg5 17.Rd3 Ne8 18.Na4 Bf6 19.Bc1 Qa5 20.Bd2 Qc7 21.Bf4 c5 22.Be3 Qc6
23.f3 Rdc8 24.Qd2 Rab8 25.Bf2 Be7 26.Nc3 Bf6 27.Na4 Be7 28.f4 Nc7 29.Nc3 Rd8
30.Rd1 Bf6 31.Na4 Ne8 32.Qe1 Be7 33.h3 h6 34.Qe2 Nc7 35.Qf3 a5 36.e5 d5 37.Nc3 Qa8
38.cxd5 Nxd5 39.Nxd5 Rxd5 40.Rxd5 exd5 41.Rxd5 a4 42.Qd3 axb3 43.axb3 Qa2
44.Qf5 Qxb3 45.Rd7 Qb1+ 46.Qxb1 Rxb1+ 47.Kh2 Rb2 48.Kg1 Rb1+ 49.Kh2 Rb2 50.Rxe7 Rxf2
51.Kg3 Rc2 52.Re8+ Kh7 53.f5 Re2 54.Kf3 Re1 55.Kf2 Re4 56.Kf3 Re1 57.Kf4 g5+
58.fxg6+ Kxg6 59.Rc8 Rf1+ 60.Ke4 Re1+ 61.Kf4 Rf1+ 62.Ke4  1/2-1/2

[Event "Stare Mesto Open 2013"]
[Site "Stare Mesto CZE"]
[Date "2013.08.10"]
[Round "2.3"]
[White "Plat,V"]
[Black "Marikova,J"]
[Result "1-0"]
[WhiteElo "2470"]
[BlackElo "2045"]

1.e4 c5 2.Nf3 d6 3.Bb5+ Bd7 4.Bxd7+ Qxd7 5.c4 Nf6 6.Nc3 g6 7.O-O Bg7 8.d4 cxd4
9.Nxd4 O-O 10.h3 Nc6 11.Be3 Rac8 12.b3 Rfd8 13.Rc1 e6 14.Qf3 Ne5 15.Qe2 d5
16.cxd5 exd5 17.f4 Nc6 18.e5 Nh5 19.Qf3 Nxd4 20.Bxd4 Bh6 21.Ne2 Ng7 22.Bxa7 Rxc1
23.Rxc1 Ra8 24.Bf2 Rxa2 25.Nc3 Ra5 26.b4 Ra3 27.Nxd5  1-0

[Event "XXIV Jozefa Kochana Mem"]
[Site "Koszalin POL"]
[Date "2013.08.11"]
[Round "2.3"]
[White "Voloshin,L"]
[Black "Dmochowska,A"]
[Result "1-0"]
[WhiteElo "2420"]
[BlackElo "1823"]

1.e4 c5 2.Nf3 d6 3.Bb5+ Bd7 4.Bxd7+ Qxd7 5.O-O g6 6.c3 Bg7 7.d4 cxd4 8.cxd4 e5
9.Nc3 Ne7 10.dxe5 dxe5 11.Qxd7+ Nxd7 12.Rd1 Nc5 13.Be3 Ne6 14.Nb5 O-O 15.Nxa7 Rfd8
16.Rxd8+ Rxd8 17.Nb5 f5 18.Kf1 fxe4 19.Ng5 Nd4 20.Bxd4 exd4 21.Nxe4 Rd5 22.a4 Nc6
23.Rd1 Na5 24.Ke2 Nc4 25.b3 Na5 26.Kd3 Kf8 27.f4 Ke7 28.b4 Nc6 29.Kc4 Rh5
30.h3 Rf5 31.g3 Rf8 32.Nc5 Rb8 33.Re1+  1-0

[Event "2nd Washington Int"]
[Site "Rockville USA"]
[Date "2013.08.11"]
[Round "9.11"]
[White "Ostrovskiy,Al"]
[Black "Kaufman,La"]
[Result "1/2-1/2"]
[WhiteElo "2410"]
[BlackElo "2332"]

1.e4 c5 2.Nf3 d6 3.Bb5+ Bd7 4.Bxd7+ Qxd7 5.O-O Nc6 6.Qe2 Nf6 7.Rd1 Rc8 8.c3 e6
9.d4 cxd4 10.Bg5 Be7 11.cxd4 h6 12.Bxf6  1/2-1/2

[Event "3rd Split Open 2013"]
[Site "Split CRO"]
[Date "2013.08.11"]
[Round "2.3"]
[White "Rudakov,A"]
[Black "Saric,A"]
[Result "0-1"]
[WhiteElo "2182"]
[BlackElo "2565"]

1.e4 c5 2.Nf3 d6 3.Bb5+ Nd7 4.d4 Nf6 5.O-O cxd4 6.Qxd4 a6 7.Bxd7+ Bxd7 8.c4 g6
9.Nc3 Bg7 10.b3 b5 11.cxb5 axb5 12.Bb2 O-O 13.Qb4 Qa5 14.Qxa5 Rxa5 15.b4 Ra7
16.e5 dxe5 17.Nxe5 Rfa8 18.a3 Ne8 19.Nd5 Be6 20.Rfd1 Bxd5 21.Rxd5 Nd6 22.Re1 Rc8
23.g3 Rc2 24.Bd4 Rxa3 25.Bc5 Bf8 26.Nd7 Nf5 27.Nf6+ exf6 28.Rd8 Rxc5 29.bxc5 Kg7
30.Rc1 Be7 31.Rd7 Kf8 32.g4 Ng7 33.c6 Ra8 34.Rb7 Rc8 35.Rxb5 Ne6 36.Rc4 Bd6
37.Kg2 Be5 38.Ra5 Rc7 39.Ra8+ Ke7 40.Rh8 f5 41.Rxh7 fxg4 42.Rxg4 Rxc6 43.Ra4 Rc7
44.Ra5 Bd4 45.Rb5 Kf6 46.f3 Rc2+ 47.Kg3 Bf2+ 48.Kg2 Nf4+ 49.Kf1 Be3  0-1

[Event "3rd Split Open 2013"]
[Site "Split CRO"]
[Date "2013.08.11"]
[Round "2.2"]
[White "Brkic,A"]
[Black "Sorcinelli,F"]
[Result "1-0"]
[WhiteElo "2575"]
[BlackElo "2192"]

1.e4 c5 2.Nf3 d6 3.Bb5+ Bd7 4.Bxd7+ Qxd7 5.O-O Nc6 6.Qe2 Nf6 7.Rd1 e6 8.d4 cxd4
9.Nxd4 Be7 10.c4 O-O 11.Nc3 Rac8 12.b3 Rfd8 13.Ba3 Qc7 14.Nxc6 bxc6 15.Rd3 Bf8
16.Rad1 Qa5 17.Bb2 d5 18.Qd2 d4 19.Nd5 Qxd2 20.Nxf6+ gxf6 21.R1xd2 Bh6 22.Rg3+ Kf8
23.Rxd4 e5 24.Ba3+  1-0

[Event "Stare Mesto Open 2013"]
[Site "Stare Mesto CZE"]
[Date "2013.08.11"]
[Round "4.2"]
[White "Plat,V"]
[Black "Cerveny,M"]
[Result "1/2-1/2"]
[WhiteElo "2470"]
[BlackElo "2327"]

1.e4 c5 2.Nf3 d6 3.Bb5+ Bd7 4.Bxd7+ Qxd7 5.c4 Nf6 6.Nc3 Nc6 7.O-O g6 8.a3 Bg7
9.Rb1 O-O 10.b4 e6 11.d3 b6 12.b5 Ne5 13.Nxe5 dxe5 14.Qf3 Rad8 15.Rd1 Nh5  1/2-1/2

[Event "FIDE World Cup 2013"]
[Site "Tromso NOR"]
[Date "2013.08.11"]
[Round "1.13"]
[White "Svidler,P"]
[Black "Ushenina,A"]
[Result "1-0"]
[WhiteElo "2746"]
[BlackElo "2500"]

1.e4 c5 2.Nf3 d6 3.Bb5+ Nd7 4.O-O a6 5.Bd3 Ngf6 6.c3 b6 7.Bc2 Bb7 8.Re1 e6
9.d4 cxd4 10.cxd4 Be7 11.Nc3 b5 12.d5 e5 13.b4 O-O 14.a4 bxa4 15.Nxa4 Bc8
16.Bd3 Rb8 17.Bd2 Ne8 18.Nb2 Nb6 19.Bxa6 Bd7 20.b5 Nc7 21.Ba5 Qe8 22.Nxe5 dxe5
23.d6 Nxb5 24.dxe7 Qxe7 25.Bxb5 Bxb5 26.Qb3 Nd7 27.Bb4 Bc6 28.Bxe7 Rxb3 29.Bxf8 Nxf8
30.Nc4 Rb4 31.Nxe5 Bxe4 32.f3 Bd5 33.Ra5 Rd4 34.Rb1 f6 35.Ng4 Be6 36.Nf2 Nd7
37.Ne4 Kf7 38.Kf2 Ke7 39.Ke3 Rc4 40.Rb7  1-0

[Event "22nd ZMDI Open 2013"]
[Site "Dresden GER"]
[Date "2013.08.12"]
[Round "3.17"]
[White "Schroeder,Ja"]
[Black "Kieslich,Aaron"]
[Result "1-0"]
[WhiteElo "2355"]
[BlackElo "2011"]

1.e4 c5 2.Nf3 d6 3.Bb5+ Bd7 4.Bxd7+ Qxd7 5.O-O Nc6 6.c3 Nf6 7.Re1 e6 8.d4 cxd4
9.cxd4 d5 10.e5 Ne4 11.Nbd2 Bb4 12.Nxe4 dxe4 13.Rxe4 O-O-O 14.Qb3 Qd5 15.Qxd5 Rxd5
16.Be3 Rhd8 17.h4 h5 18.Kf1 Ba5 19.Rc1 Kb8 20.Rf4 R8d7 21.Ng5 Nxd4 22.Nxf7 Nf5
23.Nd6 Nxd6 24.exd6 b5 25.b4 Bb6 26.Bc5 Kb7 27.Ke2 Bxc5 28.bxc5 Kc6 29.Rf8 Re5+
30.Kf3 Rd5 31.Rc2 Re5 32.Kf4 Rd5 33.Ke4 Rb7 34.Re8 Rd7 35.Rc8+ Kb7 36.Rf8 Kc6
37.f4 g6 38.Rc8+ Kb7 39.Re8 Kc6 40.Re7 Rf5  1-0

[Event "XI Miguel Najdorf Open A 2013"]
[Site "Warsaw POL"]
[Date "2013.08.12"]
[Round "8.9"]
[White "Warakomska,A"]
[Black "Krzyzanowski,M"]
[Result "1-0"]
[WhiteElo "2095"]
[BlackElo "2325"]

1.e4 c5 2.Nf3 d6 3.Bb5+ Bd7 4.Bxd7+ Nxd7 5.O-O Ngf6 6.Re1 g6 7.c3 Bg7 8.d4 O-O
9.e5 dxe5 10.dxe5 Ne8 11.e6 fxe6 12.Qb3 Qb6 13.Rxe6 Qxb3 14.axb3 Bf6 15.Bh6 Ng7
16.Re2 Rfd8 17.Nbd2 Nf5 18.Bf4 b5 19.Ne4 b4 20.Rd2 bxc3 21.bxc3 Nd6 22.Bxd6 exd6
23.Rxd6 Be7 24.Re6 Bf8 25.h3 Nb6 26.c4 Nc8 27.Ra5 Rb8 28.Nxc5 Bxc5 29.Rxc5 Rxb3
30.Rc7 Rb6 31.Rxb6 axb6 32.Ng5 Rd1+ 33.Kh2 Nd6 34.Nxh7 Ne4 35.f3 Nd2 36.Nf6+ Kf8
37.Nd7+ Ke7 38.Nxb6+ Kd6 39.Rg7 Ke5 40.Kg3 Rb1 41.Rxg6 Kf5 42.Rd6 Rb2 43.Kh4 Nf1
44.Nd7 Kf4 45.Rf6+ Ke3 46.g4 Nd2 47.Ne5  1-0

[Event "22nd ZMDI Open 2013"]
[Site "Dresden GER"]
[Date "2013.08.13"]
[Round "4.27"]
[White "Herrich,C"]
[Black "Boettger,L"]
[Result "1/2-1/2"]
[WhiteElo "2080"]
[BlackElo "2240"]

1.e4 c5 2.Nf3 d6 3.Bb5+ Nd7 4.d4 a6 5.Bxd7+ Bxd7 6.dxc5 dxc5 7.Nc3 e6 8.Ne5 Qc7
9.Qxd7+ Qxd7 10.Nxd7 Kxd7 11.Bf4 Be7 12.O-O-O+ Kc6 13.Rd2 Nf6 14.f3 Rhd8
15.Rhd1 Rxd2 16.Rxd2 Rg8 17.Be3 g5 18.Rd1 Nd7 19.Ne2 Ne5 20.Bf2 g4 21.f4 Nc4
22.Ng3 Nd6 23.e5 Nf5 24.Ne4 h5 25.c4 h4 26.Rd3 Rc8 27.b3 b5 28.Rc3 bxc4 29.Rxc4 Kd5
30.Nc3+ Kc6 31.Ne4 Kd5  1/2-1/2

[Event "Geraardsbergen Open 2013"]
[Site "Geraardsbergen BEL"]
[Date "2013.08.13"]
[Round "7.2"]
[White "Schalkx,J"]
[Black "Van Mechelen,J"]
[Result "1/2-1/2"]
[WhiteElo "2197"]
[BlackElo "2179"]

1.e4 c5 2.Nf3 d6 3.Bb5+ Bd7 4.Bxd7+ Qxd7 5.O-O Nc6 6.b3 Nf6 7.Re1 g6 8.Bb2 Bg7
9.d4 cxd4 10.Nxd4 Nxd4 11.Bxd4 O-O 12.c4 a6 13.Nc3  1/2-1/2

[Event "1st Jaen IM 2013"]
[Site "Jaen ESP"]
[Date "2013.08.13"]
[Round "3.2"]
[White "Renteria,J"]
[Black "Martos Exposito,M"]
[Result "1-0"]
[WhiteElo "2317"]
[BlackElo "2071"]

1.e4 c5 2.Nf3 d6 3.Bb5+ Nd7 4.d4 Nf6 5.Nc3 a6 6.Bxd7+ Nxd7 7.Bg5 h6 8.Bh4 b5
9.O-O b4 10.Nd5 g5 11.Bg3 e6 12.Re1 Bb7 13.dxc5 Nxc5 14.Qd4 Bxd5 15.exd5 Rg8
16.dxe6 Nxe6 17.Qd5 Be7 18.Nd4 Qc8 19.Nxe6 fxe6 20.Rxe6  1-0

[Event "22nd Kavala Open 2013"]
[Site "Kavala GRE"]
[Date "2013.08.13"]
[Round "9.7"]
[White "Svetushkin,D"]
[Black "Galopoulos,N"]
[Result "1-0"]
[WhiteElo "2608"]
[BlackElo "2354"]

1.e4 c5 2.Nf3 d6 3.Bb5+ Nd7 4.c3 Nf6 5.Qe2 a6 6.Ba4 g6 7.O-O b5 8.Bc2 Bg7
9.d4 cxd4 10.cxd4 Nb6 11.b3 Bb7 12.Bb2 Rc8 13.Bd3 Qd7 14.Nbd2 Nh5 15.g3 O-O
16.Rfb1 Qg4 17.Ne1 Qxe2 18.Bxe2 e5 19.a4 exd4 20.axb5 axb5 21.Bxb5 Bc6 22.Bxc6 Rxc6
23.Ra6 Rfc8 24.Nef3 Nd7 25.Rxc6 Rxc6 26.Bxd4 d5 27.e5 Bf8 28.b4 Rc7 29.b5 Bc5
30.Bxc5 Nxc5 31.Rc1 Ne6 32.Rxc7 Nxc7 33.b6 Na6 34.Nd4 Nc5 35.N2b3 Nb7 36.Nc6 f6
37.Nca5 Nd8 38.e6  1-0

[Event "21st Poznan Open"]
[Site "Poznan POL"]
[Date "2013.08.13"]
[Round "8.3"]
[White "Przybylski,W"]
[Black "Korbal,A"]
[Result "1-0"]
[WhiteElo "2327"]
[BlackElo "2140"]

1.e4 c5 2.Nf3 d6 3.Bb5+ Nd7 4.O-O a6 5.Bxd7+ Bxd7 6.d4 cxd4 7.Qxd4 Nf6 8.Nc3 e5
9.Qd3 h6 10.Nd2 Bc6 11.Nc4 b5 12.Ne3 b4 13.Ncd5 Nxd5 14.Nxd5 Bb5 15.Qb3 Bxf1
16.Kxf1 Rb8 17.Bd2 Qd7 18.a3 Be7 19.axb4 Bd8 20.c4 O-O 21.Rxa6 Kh8 22.b5 Qg4
23.Qf3 Qh4 24.Bb4 Qxh2 25.Qh3 Qxh3 26.gxh3 Rc8 27.Bxd6 Re8 28.c5  1-0

[Event "14th Miquel Mas Open"]
[Site "Figueres ESP"]
[Date "2013.08.14"]
[Round "4.3"]
[White "Ramiro Ovejero,J"]
[Black "Cruz,Cr"]
[Result "1/2-1/2"]
[WhiteElo "2406"]
[BlackElo "2498"]

1.e4 c5 2.Nf3 d6 3.Bb5+ Nc6 4.Bxc6+ bxc6 5.O-O Bg4 6.d3 e6 7.Nbd2 d5 8.h3 Bh5
9.c4 Bd6 10.Qa4 Ne7 11.cxd5 exd5 12.exd5 O-O 13.dxc6 Rb8 14.Qh4 Bxf3 15.Nxf3 Rb4
16.d4 Nxc6 17.Qxd8 Rxd8 18.dxc5 Bxc5 19.b3 Re4 20.Bg5 f6 21.Rac1 Rd5 22.Be3 Rxe3
23.Rxc5 Rxc5 24.fxe3 Rc3 25.Nd4 Nb4 26.Kf2 Nd5 27.Re1 Rd3 28.Kf3 Nxe3 29.Rxe3 Rxd4
30.Re7 a5 31.Ra7 Rd5 32.Rb7 a4 33.bxa4 Rd2 34.a5 Rxa2 35.Rb5 h5 36.Rxh5 g5
37.h4 gxh4 38.Rxh4 Rxa5 39.Rb4  1/2-1/2

[Event "88th ch-FRA 2013"]
[Site "Nancy FRA"]
[Date "2013.08.14"]
[Round "4.5"]
[White "Sokolov,And1"]
[Black "Edouard,R"]
[Result "1/2-1/2"]
[WhiteElo "2558"]
[BlackElo "2662"]

1.e4 c5 2.Nf3 d6 3.Bb5+ Bd7 4.Bxd7+ Qxd7 5.c4 Nf6 6.Nc3 g6 7.d4 cxd4 8.Nxd4 Bg7
9.h3 Qc7 10.b3 Qa5 11.Bd2 Nxe4 12.Nxe4 Qe5 13.Qb1 f5 14.Bc3 Qxe4+ 15.Qxe4 fxe4
16.Nb5 Bxc3+ 17.Nxc3 Na6 18.Nxe4 Rf8 19.O-O-O Rc8 20.Rhe1 Kd7 21.Kb2 Nc5
22.f3 Nxe4 23.Rxe4 Rc5 24.b4 Rcf5 25.Rde1 R8f7 26.Kc3 g5 27.a4 h5 28.a5 Rg7
29.Kd3 Rf8 30.R1e2 Rf6 31.Re1 Rf8 32.R1e2 Rf6 33.Re1  1/2-1/2

[Event "12th Lichtenberger Sommer"]
[Site "Berlin GER"]
[Date "2013.08.17"]
[Round "1.33"]
[White "Sawlin,L"]
[Black "Gruener,R"]
[Result "1-0"]
[WhiteElo "2021"]
[BlackElo "2016"]

1.e4 c5 2.Nf3 d6 3.Bb5+ Nc6 4.c3 a6 5.Bxc6+ bxc6 6.d4 cxd4 7.cxd4 g6 8.O-O Bg7
9.Nc3 Qc7 10.Be3 Nf6 11.h3 O-O 12.Rc1 Rd8 13.Qc2 Qb7 14.Bg5 Re8 15.Rfe1 Be6
16.e5 Nd5 17.exd6 exd6 18.Ne4 Bf5 19.Nxd6 Bxc2 20.Rxe8+ Rxe8 21.Nxb7 Ba4
22.b3 Bb5 23.Nd6 Rb8 24.a4 Be2 25.Rxc6 h6 26.Rc5 Bxf3 27.gxf3 hxg5 28.Rxd5 Rxb3
29.Ne4 Rxf3 30.Rd8+ Kh7 31.Nxg5+  1-0

[Event "12th Lichtenberger Sommer"]
[Site "Berlin GER"]
[Date "2013.08.17"]
[Round "1.27"]
[White "Fruebing,T"]
[Black "Landt,S"]
[Result "1-0"]
[WhiteElo "2166"]
[BlackElo "1929"]

1.e4 c5 2.Nf3 d6 3.Bb5+ Bd7 4.Bxd7+ Qxd7 5.O-O Nc6 6.c3 Nf6 7.Re1 e6 8.d4 cxd4
9.Nxd4 Be7 10.Bg5 O-O 11.Nxc6 Qxc6 12.Qe2 Rad8 13.Nd2 Rfe8 14.Bxf6 Bxf6 15.a4 d5
16.Qb5 d4 17.c4 e5 18.Ra3 a6 19.Qa5 Rd7 20.Rd3 Bd8 21.Qb4 f5 22.c5 f4 23.Qc4+ Kh8
24.b4 Qc8 25.Rb3 Qc6 26.Reb1 Be7 27.Qd3 h6 28.Nc4 Bd8 29.Nd6 Ree7 30.Nc4 b6
31.cxb6 Bxb6 32.b5 axb5 33.Rxb5 Bc5 34.Na5 Qd6 35.Nb7 Qa6 36.Nxc5 Qc6 37.Nxd7  1-0

[Event "22nd ZMDI Open 2013"]
[Site "Dresden GER"]
[Date "2013.08.17"]
[Round "8.44"]
[White "Rother,M"]
[Black "Hansch,S"]
[Result "1/2-1/2"]
[WhiteElo "2136"]
[BlackElo "1980"]

1.e4 c5 2.Nf3 d6 3.Bb5+ Bd7 4.Bxd7+ Qxd7 5.O-O Nc6 6.d4 cxd4 7.Nxd4 Nf6 8.f3 g6
9.c4 Bg7 10.Be3 O-O 11.Nc3 Rfd8 12.Nde2 e6 13.Bg5 h6 14.Bh4 g5 15.Bf2 d5
16.cxd5 exd5 17.exd5  1/2-1/2

[Event "88th ch-FRA 2013"]
[Site "Nancy FRA"]
[Date "2013.08.17"]
[Round "6.4"]
[White "Hamdouchi,H"]
[Black "Sebag,M"]
[Result "1-0"]
[WhiteElo "2613"]
[BlackElo "2527"]

1.e4 c5 2.Nf3 d6 3.Bb5+ Nd7 4.O-O a6 5.Bd3 Ngf6 6.c3 b5 7.Re1 Bb7 8.Bc2 e5
9.d3 Be7 10.a4 O-O 11.Na3 h6 12.Bd2 Bc6 13.d4 exd4 14.cxd4 d5 15.exd5 Nxd5
16.Qe2 c4 17.Be4 Re8 18.Nxc4 N7f6 19.Nce5 Bb7 20.axb5 Nxe4 21.Qxe4 Bf6 22.Qg4 axb5
23.Bxh6 Rxa1 24.Rxa1 Qc8 25.Nd7 g6 26.Nxf6+ Nxf6 27.Qxc8 Rxc8 28.Ne5 Rc2
29.b4 Ne4 30.Be3 Bd5 31.Nd3 Nc3 32.h4 Bc4 33.Ra8+ Kg7 34.Ne5 Nd5 35.Rb8 Nxb4
36.Nxc4 Rxc4 37.Rxb5 Nc2 38.Rc5 Nxe3 39.fxe3 Ra4 40.Kf2 f5 41.h5 gxh5 42.Rxf5 Kg6
43.Rf8 Ra2+ 44.Kf3 Rd2 45.g3 Kg7 46.Rf4 Kg6 47.Rh4 Kg5 48.Re4 Kg6 49.Re5 Kh6
50.d5 Kg6 51.e4 Kh6 52.Kf4  1-0

[Event "21st Troya Open 2013"]
[Site "Canakkale TUR"]
[Date "2013.08.18"]
[Round "2.15"]
[White "Arda,Cagil Irmak"]
[Black "Kalinaga,A"]
[Result "0-1"]
[WhiteElo "1728"]
[BlackElo "2130"]

1.e4 c5 2.Nf3 d6 3.Bb5+ Bd7 4.Bxd7+ Qxd7 5.O-O Nf6 6.Re1 Nc6 7.c4 g6 8.d4 cxd4
9.Nxd4 Bg7 10.f3 Nxd4 11.Qxd4 O-O 12.Qd3 Rfc8 13.Nc3 Qc6 14.b3 a6 15.Bb2 Qc5+
16.Qe3 Qxe3+ 17.Rxe3 Nd7 18.Nd1 Bh6 19.Re2 Kf8 20.Nc3 Rab8 21.Rd1 b5 22.cxb5 axb5
23.Nd5 Ra8 24.Bd4 Ra3 25.Be3 Bg7 26.Bd4 f6 27.Bc3 Kf7 28.Bb4 Ra6 29.Nc3 Rb6
30.f4 Rb7 31.Rd5 Nc5 32.Bxc5 Rxc5 33.Rxc5 dxc5 34.Rd2 Bh6 35.g3 e5 36.Rf2 exf4
37.gxf4 b4 38.Nd5 Rd7 39.Kg2 f5 40.Kf3 Bg7 41.Rd2 Bd4 42.Nb6 fxe4+ 43.Kxe4 Re7+
44.Kd5 Be3 45.Rc2 Bxf4 46.Rf2 Re5+ 47.Kc4 Rf5 48.Na4 Bd6 49.Re2 Rh5 50.Rd2 Ke6
51.Re2+ Kd7 52.Kb5 Kc7 53.Rf2 Bxh2 54.Rf6 Bg1 55.Nb6 c4+ 56.Kxc4 Bxb6 57.Kxb4 Rf5
58.Re6 Bc5+ 59.Kc4 Bd6 60.Re8 Rf8 61.Re1 g5 62.a4 g4 63.a5 Rf4+ 64.Kb5 Rb4+
65.Ka6 Rxb3 66.Rf1 Rf3 67.Rh1 Rf7 68.Ka7 Bc5+ 69.Ka6 g3 70.Kb5 g2  0-1

[Event "6th Jessie Gilbert Open 2013"]
[Site "Coulsdon ENG"]
[Date "2013.08.18"]
[Round "2"]
[White "Gupta,Arul"]
[Black "Snape,I"]
[Result "1/2-1/2"]
[WhiteElo "1781"]
[BlackElo "2207"]

1.e4 c5 2.Nf3 d6 3.Bb5+ Nc6 4.O-O Bd7 5.Re1 Nf6 6.c3 a6 7.Bf1 Bg4 8.h3 Bh5
9.g4 Bg6 10.d4 Bxe4 11.Rxe4 Nxe4 12.d5 Nf6 13.dxc6 bxc6 14.Qa4 Qc7 15.Bg2 Nd7
16.Na3 e6 17.Bf4 Nb6 18.Qa5 Be7 19.Nc4 Rb8 20.Rd1 O-O 21.Rxd6 Bxd6 22.Bxd6 Qd7
23.Nfe5 Qd8 24.Bxf8 Qd1+ 25.Kh2 Nxc4 26.Nxc4 Rxf8 27.Qxc5 Qe2 28.Qxc6 Qxf2
29.Qf3 Qc5 30.b3 Rd8 31.Bf1 f5 32.gxf5 exf5 33.Bg2 f4  1/2-1/2

[Event "12th Lichtenberger Sommer"]
[Site "Berlin GER"]
[Date "2013.08.19"]
[Round "3.25"]
[White "Fruebing,T"]
[Black "Martin,Julian"]
[Result "1/2-1/2"]
[WhiteElo "2166"]
[BlackElo "1888"]

1.e4 c5 2.Nf3 d6 3.Bb5+ Bd7 4.Bxd7+ Qxd7 5.O-O Nc6 6.c3 Nf6 7.Re1 e6 8.d3 Be7
9.Nbd2 O-O 10.Nf1 Rac8 11.Ng3 Rfd8 12.Bg5 h6 13.Bxf6 Bxf6 14.a4 Qc7 15.Nh5 Be7
16.d4 cxd4 17.Nxd4 Nxd4 18.Qxd4 Bf8 19.Re3 Qc4 20.Qd1 g6 21.Ng3 Bg7 22.Rd3 d5
23.Rb1 d4 24.Ne2 Qxd3 25.Qxd3 dxc3 26.Qxd8+ Rxd8 27.bxc3 Rd2 28.Kf1 Ra2 29.f3 Rxa4
30.Rxb7 Be5 31.h3 Rc4 32.Rxa7  1/2-1/2

[Event "ch-ESP w 2013"]
[Site "Linares ESP"]
[Date "2013.08.19"]
[Round "2.3"]
[White "Hernandez Estevez,Y"]
[Black "Fidalgo Fernandez,L"]
[Result "0-1"]
[WhiteElo "2230"]
[BlackElo "2137"]

1.e4 c5 2.Nf3 d6 3.Bb5+ Bd7 4.Bxd7+ Qxd7 5.O-O Nc6 6.Qe2 e6 7.Rd1 Be7 8.d4 cxd4
9.Nxd4 Nf6 10.c4 Nxd4 11.Rxd4 Qc6 12.Nc3 Rc8 13.b3 a6 14.Ba3 O-O 15.Rad1 Rfd8
16.R4d3 Qc7 17.R1d2 Qa5 18.Nb1 Qc7 19.Bb2 Nd7 20.Nc3 Ne5 21.Rg3 Ng6 22.Qd1 Bh4
23.Rh3 Bg5 24.Rc2 Bf6 25.g3 b5 26.Qh5 bxc4 27.Qxh7+ Kf8 28.g4 Ke7 29.Nd5+ exd5
30.Bxf6+ gxf6 31.Rf3 Rg8 32.exd5 Ne5 33.Re3 Rxg4+ 34.Kf1 Qb7 35.Qf5 Rcg8
36.bxc4 R8g5 37.Qd3 Kf8 38.Qa3 Qb1+ 39.Rc1  0-1

[Event "49th Rubinstein Memorial"]
[Site "Polanica Zdroj POL"]
[Date "2013.08.19"]
[Round "3.5"]
[White "Czarnota,P"]
[Black "Kempinski,R"]
[Result "1/2-1/2"]
[WhiteElo "2534"]
[BlackElo "2583"]

1.e4 c5 2.Nf3 d6 3.Bb5+ Bd7 4.Bxd7+ Qxd7 5.c4 Nf6 6.Nc3 g6 7.d4 cxd4 8.Nxd4 Bg7
9.f3 O-O 10.O-O Rc8 11.b3 d5 12.exd5 Nxd5 13.Nxd5 e6 14.Bh6 exd5 15.Bxg7 Kxg7
16.Nb5 dxc4 17.Nd6 Rd8 18.Nxb7 Qxd1 19.Rfxd1 Rxd1+ 20.Rxd1 cxb3 21.axb3 Nc6
22.Rd7 a5 23.Rc7 Ra7 24.Rxc6 Rxb7 25.Rc5 Rxb3 26.Rxa5 Rb2 27.h4 h5 28.Kh2 Kf6
29.Kg3 Rc2 30.Rb5 Ra2  1/2-1/2

[Event "21st Troya Open 2013"]
[Site "Canakkale TUR"]
[Date "2013.08.20"]
[Round "5.9"]
[White "Koc,Su"]
[Black "Secer,A"]
[Result "1/2-1/2"]
[WhiteElo "2009"]
[BlackElo "2319"]

1.e4 c5 2.Nf3 d6 3.Bb5+ Nc6 4.O-O Bd7 5.Re1 Nf6 6.c3 a6 7.Bf1 Bg4 8.h3 Bh5
9.d3 e6 10.Bf4 Be7 11.Nbd2 O-O 12.g4 Bg6 13.Bg2 d5 14.Ne5 Nxe5 15.Bxe5 dxe4
16.dxe4 h6 17.a4 Nd7 18.Nc4 Nxe5 19.Nxe5 Qc7 20.Nxg6 fxg6 21.e5 c4 22.Qc2 Bc5
23.Re2 Qf7 24.Rf1 Rac8 25.Kh1 g5 26.b4 cxb3 27.Qxb3 b6 28.Be4 Rcd8 29.f3 Rd7
30.Bb1 g6 31.Kg2 Kg7 32.Ba2 Re8 33.Rd1 Rxd1 34.Qxd1 Re7 35.Bb1 Rd7 36.Qc2 a5
37.Rd2 Rxd2+ 38.Qxd2 Qe8 39.Qd3 Kf8 40.Bc2 Ke7 41.Qxg6 Qxg6 42.Bxg6 Be3 43.Kf1 Bf4
44.Ke2 Bxe5 45.c4 Kd6 46.Kd3 Kc5 47.Be8 Bf4 48.Bb5 Bg3 49.Bd7 Kb4 50.Bb5 Bf4
51.Bc6 Bg3 52.Bb5 Bf4 53.Bc6  1/2-1/2

[Event "ch-FRA w 2013"]
[Site "Nancy FRA"]
[Date "2013.08.20"]
[Round "9.6"]
[White "Milliet,S"]
[Black "Navrotescu,A"]
[Result "1-0"]
[WhiteElo "2401"]
[BlackElo "2110"]

1.e4 c5 2.Nf3 d6 3.Bb5+ Nd7 4.O-O a6 5.Bd3 Ngf6 6.c3 g6 7.Bc2 Bg7 8.d4 O-O
9.d5 b5 10.Re1 Qc7 11.a4 Bb7 12.Bf4 Nh5 13.Bg5 Rfe8 14.axb5 axb5 15.Rxa8 Bxa8
16.Qe2 h6 17.Be3 Rb8 18.b4 cxb4 19.cxb4 Qc4 20.Qd2 Nhf6 21.Nd4 Ng4 22.Bb3 Qc8
23.Rc1 Qa6 24.Bf4 Qb6 25.Nc6 Bxc6 26.dxc6 Ndf6 27.Qe2 Rc8 28.h3 Ne5 29.Bxe5 dxe5
30.Qa2 Nxe4 31.Bxf7+ Kh7 32.Qc2  1-0

[Event "21st Troya Open 2013"]
[Site "Canakkale TUR"]
[Date "2013.08.21"]
[Round "6.2"]
[White "Duman,A"]
[Black "Rasulov,Vu"]
[Result "0-1"]
[WhiteElo "2271"]
[BlackElo "2483"]

1.e4 c5 2.Nf3 d6 3.Bb5+ Nd7 4.d4 cxd4 5.Qxd4 a6 6.Bxd7+ Bxd7 7.c4 e5 8.Qd3 b5
9.Nc3 bxc4 10.Qxc4 h6 11.O-O Nf6 12.Rd1 Be7 13.Ne1 O-O 14.Nc2 Bg4 15.f3 Be6
16.Qd3 Qb6+ 17.Be3 Qb7 18.Bf2 Rac8 19.Rab1 Nh5 20.Ne3 Nf4 21.Qd2 Rc6 22.Rbc1 Rfc8
23.Ned5 Bg5 24.Be3 Bxd5 25.exd5 Rc4 26.b3 Rd4 27.Bxf4 Bxf4 28.Qe1 Bxc1 29.Rxc1 Qb6
30.Kf1 Qb4 31.Qe3 Qa3 32.Rc2  0-1